Organization Development and Change / Sixth Edition (Record no. 1191)
[ view plain ]
| 000 -LEADER | |
|---|---|
| fixed length control field | 01510cam a22002174a 4500 |
| 005 - ΗΜΕΡΟΜΗΝΙΑ ΚΑΙ ΩΡΑ ΤΕΛΕΥΤΑΙΑΣ ΕΝΗΜΕΡΩΣΗΣ | |
| Πεδίο ελέγχου | 20250605164001.0 |
| 008 - FIXED-LENGTH DATA ELEMENTS--GENERAL INFORMATION | |
| Πεδίο ελέγχου σταθερού μήκους | 250528s ||||||||||||||||||||||||d |
| 035 ## - SYSTEM CONTROL NUMBER | |
| System control number | 15622 |
| 020 ## - ISBN | |
| ISBN | 314201491 |
| 040 ## - ΠΗΓΗ ΚΑΤΑΛΟΓΟΓΡΑΦΗΣΗΣ | |
| Φορέας πρωτότυπης καταλογογράφησης | MC Athens Campus Library |
| Γλώσσα καταλογογράφησης | Ελληνικά, Μοντέρνα (1453-) |
| Modifying agency | MC Athens Campus Library |
| Κανόνες περιγραφικής καταλογογράφησης | AACR2 |
| 245 1# - ΤΙΤΛΟΣ ΚΑΙ ΔΗΛΩΣΗ ΥΠΕΥΘΥΝΟΤΗΤΑΣ | |
| Τίτλος | Organization Development and Change / Sixth Edition |
| 250 ## - EDITION STATEMENT | |
| Edition statement | 6th |
| 260 ## - PUBLICATION, DISTRIBUTION, ETC. | |
| Name of publisher, distributor, etc. | South-Western Publishing Co, |
| Date of publication, distribution, etc. | 1997 |
| 300 ## - PHYSICAL DESCRIPTION | |
| Extent | 654 |
| 520 ## - SUMMARY, ETC. | |
| Summary, etc. | Preface, General Introduction to Organizational Development, The Process of Organization Development, The Nature of Planned Change, The Organization Development Practitioner, Entering and Contracting, Diagnosing Organizations, Diagnosing Groups and Jobs, Collecting and Analyzing Diagnostic Information, Designing Interventions, Managing Change, Human Process Interventions, Interpersonal and Group Process Approaches, Organization Process Approaches, Technostructural Interventions, Restructing Organizations, Employee Involvement, Work Design, Human Resource Management Interventions, Performance Managements, Developing and Assisting Menbers, Strategic Interventions, Organization and Environment Relationships, Organization Transformation, Special Applications of Organization Development, Organization Development in Global Settings, Organization Development in Health Care and School Systems and the Public Sector, Glossary, Name and Subject Index. |
| 700 1# - ΠΡΟΣΘΕΤΗ ΑΝΑΓΡΑΦΗ--ΦΥΣΙΚΟ ΠΡΟΣΩΠΟ | |
| Personal name | Cummings Thomas G |
| 9 (RLIN) | 1586 |
| 700 1# - ΠΡΟΣΘΕΤΗ ΑΝΑΓΡΑΦΗ--ΦΥΣΙΚΟ ΠΡΟΣΩΠΟ | |
| Personal name | Worley Christopher G |
| 9 (RLIN) | 1587 |
| 942 ## - ADDED ENTRY ELEMENTS (KOHA) | |
| Koha item type | Books |
| Τύπος τεκμηρίου | Βιβλιοθήκη | Τρέχουσα τοποθεσία | Barcode | Αριθμός εισαγωγής | Ημερομηνία απόκτησης | Ταξιθετικό σύμβολο | Αριθμός αντιτύπου | Κατάσταση απόσυρσης | Κατάσταση χαμένου | Κατάσταση κατεστραμμένου | Μη δανεισμός | Σύνολο δανεισμών | Ημερομηνία τελευταίας εμφάνισης | Η τιμή ισχύει από |
|---|---|---|---|---|---|---|---|---|---|---|---|---|---|---|
| Books | MC Athens Campus Library | MC Athens Campus Library | 9780000011909 | 1970 | 05/06/2025 | 302.3/5 CUM | 1 | 05/06/2025 | 05/06/2025 |